Low temperature phase transitions in methane-rich inclusions in quartz from the South Wales Coalfield

Elmentve itt :
Bibliográfiai részletek
Szerzők: Beeskow B.
Rankin A. H.
Murphy P.
Treloar P. J.
Dokumentumtípus: Cikk
Megjelent: Department of Mineralogy, Geochemistry and Petrology, University of Szeged Szeged 2003
Sorozat:Acta mineralogica-petrographica 2
Acta mineralogica-petrographica : abstract series 2
Kulcsszavak:Földtan, Ásványtan, Kőzettan
Tárgyszavak:
Online Access:http://acta.bibl.u-szeged.hu/31435
LEADER 01038nab a2200253 i 4500
001 acta31435
005 20260212145223.0
008 161017s2003 hu o 000 eng d
022 |a 0324-6523, 1589-4835 
040 |a SZTE Egyetemi Kiadványok Repozitórium  |b hun 
041 |a eng 
100 1 |a Beeskow B. 
245 1 0 |a Low temperature phase transitions in methane-rich inclusions in quartz from the South Wales Coalfield  |h [elektronikus dokumentum] /  |c  Beeskow B. 
260 |a Department of Mineralogy, Geochemistry and Petrology, University of Szeged  |b Szeged  |c 2003 
300 |a 23-24 
490 0 |a Acta mineralogica-petrographica  |v 2 
490 0 |a Acta mineralogica-petrographica : abstract series  |v 2 
650 4 |a Természettudományok 
650 4 |a Föld- és kapcsolódó környezettudományok 
695 |a Földtan, Ásványtan, Kőzettan 
700 0 1 |a Rankin A. H.  |e aut 
700 0 1 |a Murphy P.  |e aut 
700 0 1 |a Treloar P. J.  |e aut 
856 4 0 |u http://acta.bibl.u-szeged.hu/31435/1/mineralogica_as_002_023-024.pdf  |z Dokumentum-elérés